[Event "Elista FIDE GP"]
[Site "Elista"]
[Date "2008.12.20"]
[Round "6"]
[White "Grischuk, Alexander"]
[Black "Eljanov, Pavel"]
[Result "1-0"]
[WhiteElo "2719"]
[BlackElo "2720"]
[Annotator "Kritz,L"]
[PlyCount "157"]
[EventDate "2008.12.14"]
[EventType "tourn"]
[EventRounds "13"]
[EventCountry "RUS"]
[EventCategory "19"]
[SourceTitle "CBM 128"]
[Source "ChessBase"]
[SourceDate "2009.01.28"]
[SourceVersion "1"]
[SourceVersionDate "2009.01.28"]
[SourceQuality "1"]

1. e4 e5 2. Nf3 Nc6 3. Bb5 Nf6 4. O-O (4. d3 {ist eine alternative Fortsetzung.
Man bekommt spielbare Stellungen, doch keinen Eröffnungsvorteil.} Bc5 (4... d6
$5 5. O-O Be7 6. c3 O-O 7. Re1 a6 8. Ba4 b5 9. Bc2 Re8 $132 {Es entsteht ein
typischer Spanier mit d3.}) 5. Bxc6 (5. O-O d6 6. c3 O-O 7. Nbd2 a6 8. Ba4 Ba7
$132 {Wiederum hat Schwarz wenig zu befürchten.}) 5... dxc6 6. Be3 Qe7 (6...
Bxe3 $2 {Verbessert weisse Bauernstruktur und oeffnet die f-Linie.} 7. fxe3 Qe7
8. O-O Ng4 9. Qd2 f6 10. Nh4 g6 11. Nc3 Bd7 12. Rf3 f5 13. g3 Nf6 14. exf5 g5
15. Ng2 e4 16. Nxe4 Nxe4 17. dxe4 O-O-O 18. Qa5 $16 {Sutovsky - Carlsen (Crete,
2007)}) 7. Bxc5 Qxc5 8. Nc3 Bg4 9. h3 Bxf3 10. Qxf3 O-O {Schwarz hat keine
Schwierigkeiten.} 11. O-O-O a5 12. Qf5 Rfd8 13. Rhf1 a4 14. a3 b5 $132 {
Sutovsky - Aronian (Caleta, 2005)}) 4... Nxe4 5. d4 (5. Re1 {Das ist eine
bekannte Remisvariante:} Nd6 6. Nxe5 Nxe5 7. Rxe5+ Be7 8. Bf1 (8. Bd3 O-O 9.
Nc3 c6 10. b3 Ne8 11. Bb2 d5 12. Qh5 Nf6 13. Qh4 Be6 $11) 8... O-O 9. d4 Bf6
10. Re1 Nf5 11. c3 d5 $11 {Bei symmetrischen Bauernstruktur das Maximum, was
beide Seiten erreichen können, ist der kollektive Abtausch aller Figuren.})
5... Nd6 6. Bxc6 dxc6 7. dxe5 Nf5 8. Qxd8+ Kxd8 9. Nc3 Be7 ({Eine andere
prinzipielle Fortsetzung ist} 9... Bd7 10. h3 (10. b3 Kc8 11. Bb2 Be7 12. Rad1
a5 $132) 10... h6 11. b3 Kc8 12. Bb2 b6 13. Rad1 Ne7 14. Rd2 c5 15. Rfd1 Be6
$132) (9... Ke8 $5 {ist im Prinzip eine andere Variante, die jedoch in dieser
Partie zu Zugumstellung führt.}) 10. Rd1+ {Ich verstehe nicht, warum man
diesen Zug spielen soll. Der f-Turm steht auf d1 eindeutig falsch. Besser ist
das traditionelle 10.h3.} (10. h3 h6 11. b3 Nh4 12. Nxh4 Bxh4 13. g3 Be7 14. g4
h5 15. f3 Ke8 16. Ne4 a5 17. a4 Be6 $11 {Amonatov - Deviatkin (Novokuznetsk,
2008). Weiß steht symbolisch besser, jedoch ohne wirklichen Chancen auf einen
Sieg.}) 10... Ke8 11. g4 {Das kann kein ernsthafter Versuch sein, auf Vorteil
zu spielen.} (11. Bg5 Bxg5 12. Nxg5 Ke7 13. Rd2 (13. Rd3 h6 14. Nf3 g6 15. Rad1
Ng7 16. h3 h5 $1 $11) 13... h6 14. Nf3 Rd8 15. Rxd8 Kxd8 16. Rd1+ Ke8 17. h3
Be6 18. Kh2 Rd8 19. Rxd8+ Kxd8 20. g4 Ne7 21. Kg3 Kd7 22. Ne1 g5 $1 $132 {
Das Wichtigste für Schwarz ist es, Weiß nicht zu erlauben, seine Bauernlawine
am Königsflügel zu weit nach vorne zu bringen.}) (11. g3 h6 12. b3 Be6 13. Bb2
Rd8 14. h3 g5 $1 15. g4 Ng7 16. Ne4 Bd5 17. Nf6+ Bxf6 18. exf6 Ne6 $132 {
Topalov - Ponomariov (Wijk aan Zee, 2003)}) 11... Nh4 12. Nxh4 Bxh4 13. h3 {
Man hat im Endeffekt eine Stellung aus der 9....Ke8-Variante bekommen, wo Weiß
statt den Läufer nach f4 zu entwickeln, Rd1 gespielt hat, was kaum besser sein
kann.} Be7 (13... h5 {Vielleicht ist dies auch spielbar, aber Weiß bekommt
eine Zusatzmöglichkeit. Der Partiezug führt zur traditionellen Stellung der
Variante.} 14. g5 $5 {mit der Idee nach 15.Rd4 den Läufer zu fangen.} f6 $1 (
14... c5 $2 15. Nd5 $18) 15. exf6 gxf6 16. Ne4 fxg5 17. Bxg5 Bxg5 18. Nxg5 Rg8
19. h4 Bf5 20. Re1+ Kf8 21. c3 Re8 22. Rxe8+ Kxe8 23. Kg2 $14) 14. Kg2 h5 15.
f3 hxg4 $6 {Die mit diesem Zug verbundene Idee gefällt mir nicht sehr. Warum
soll man einen Bauern opfern, wenn man auch so eine gute Stellung hat?!} (15...
a5 $1 16. Bf4 (16. a4 Be6 $11 {es entsteht eine unantastbare Festung, die Weiß
nicht zerstören kann.}) 16... a4 17. a3 Ra5 $132 {Eine der wenigen Positionen
in der Berliner Verteidigung, wo Schwarz bei Gelegenheit ein vollwertiges
Gegenspiel bekommen kann, und nicht nur passiv abwarten.}) 16. hxg4 f5 {
Wenn man nun zu dem Plan mit a5 oder mit Be6 zurückkehrt, dann gerät die
Öffnung der h-Linie zum schwarzen Nachteil.} (16... a5 17. Bf4 a4 18. Rh1 Rxh1
19. Rxh1 $14) 17. exf6 (17. gxf5 $2 Bxf5 18. Ne4 Rh4 $15 {und Schwarz steht
besser.}) 17... gxf6 (17... Bxf6 18. Ne4 Be6 (18... Be5 19. f4 Bxg4 20. Re1
Bh3+ 21. Kg3 Bd4 22. Ng5+ $18) 19. Nxf6+ gxf6 20. Bf4 Rc8 21. Kg3 $14 {Das
Endspiel wäre Remis ohne Türme, aber mit Türmen auf dem Brett hat Weiß gute
Gewinnchancen.}) 18. Bf4 Be6 ({Sehr schlecht ist das passive} 18... Bd8 $2 19.
Rh1 Rxh1 20. Rxh1 Be6 21. Bxc7 $1 $18) (18... f5 {Ein Versuch, das Spiel
lebendig zu gestalten, endet mit demselben Misserfolg.} 19. Rh1 $1 (19. gxf5
Bxf5 20. Ne4 Kf7 $1 21. Rh1 Rag8+ 22. Kf2 Bd8 $11) 19... Rxh1 (19... Rg8 20.
Rh7 $16) 20. Rxh1 fxg4 21. Rh8+ Kf7 22. Rh7+ Ke8 23. fxg4 Bxg4 24. Bg5 $3 Bf8
25. Ne4 $1 $16) 19. Bxc7 f5 20. gxf5 ({Zu unklaren Folgen führt} 20. Rd4 $5 c5
$5 21. Rd3 fxg4 22. fxg4 Bxg4 23. Nd5 $1 {Die weiße Initiative entwickelt sich
sehr schnell.} Be6 24. Re1 Rh6 25. Bg3 Bxd5+ 26. Rxd5 Rd8 27. Rxc5 Rd2+ $13 {
Obwohl Schwarz gewisse Kompensation hat, sind die weißen Chancen besser.})
20... Rg8+ (20... Bxf5 21. Ne4 Kf7 22. Rh1 Rag8+ 23. Kf2 Bh4+ 24. Ke3 $14) 21.
Kf2 (21. Bg3 $5 {Bringt eher wenig.} Bxf5 (21... Bh4 $2 22. Ne4 Bxf5 $4 23.
Nd6+ $18) 22. Ne4 Bxe4 $1 {Der forcierte Weg, ein remisliches Endspiel zu
erreichen.} (22... Kf7 23. Kf2 $14) 23. fxe4 Bh4 24. Rd3 Rd8 (24... Bxg3 $2 25.
Rxg3 Rxg3+ 26. Kxg3 Rd8 27. Rh1 Rd2 28. Rh2 $16) 25. Rxd8+ Kxd8 26. Rd1+ Ke7
27. Rd3 Ke6 28. Kh3 $1 (28. Kf2 $2 Rxg3 29. Rxg3 Ke5 30. Kf3 Bxg3 31. Kxg3 Kxe4
32. Kf2 $11) 28... Bxg3 29. Rxg3 Rd8 30. Rd3 Rg8 $11) 21... Bc5+ 22. Ke2 Rg2+ (
22... Bc4+ $5 23. Kd2 Rg2+ 24. Kc1 Rf2 25. Ne4 Be3+ 26. Kb1 Rxf3 27. a4 $1 $14
{Nachdem der weiße Turm über a3 ins Spiel kommt, wird die schwarze
Kompensation sehr schnell schmelzen.}) 23. Kd3 Bxf5+ 24. Ne4 {Einer Serie von
Schachgeboten folgt die Abwesenheit eines Planes. Weiß hat sich sicher
verteidigt, behält einen Mehrbauern, und kommt ins Endspiel, wo es nur zwei
Ergebnisse geben kann.} Ke7 $2 {Das gibt Weiß einen großen Vorteil. Die beste
Chance war die Fortsetzung des dynamischen Spiels:} (24... Bxe4+ $5 25. fxe4 (
25. Kxe4 Rxc2 26. Rac1 Rxc1 27. Rxc1 Be7 $11) 25... Kd7 26. Bf4 (26. Be5 Ke6
27. Bc3 b5 $1 $36) 26... Rf8 27. Rd2 $1 (27. Kc4+ Ke6 28. Rd2 Rg4 $11) 27...
Rg4 $1 28. Be3 Bxe3 29. Kxe3+ Ke6 30. Rh1 Rg3+ 31. Ke2 Rg4 $44 {Schwarz behält
gute Remischancen.}) 25. Rd2 Rxd2+ (25... Rag8 26. Re1 $14) 26. Kxd2 Bxe4 27.
fxe4 Rg8 {Das ist nicht das Gleiche wie nach 24....Be4. Mit einem Turm und
Läufern auf dem Brett steigern sich die Gewinnchancen exponentiell} 28. Rh1 $1
Bd4 (28... Rg2+ 29. Kd3 $16 {Der weiße König kommt nur näher zum Zentrum, die
schwarze Stellung verschlechtert sich nur.}) 29. b3 Rg2+ 30. Kd3 Bg7 31. Bf4
$16 {Das Endspiel ist wahrscheinlich nicht zu halten.} b5 (31... Ke6 32. a4 $16
) 32. Rh5 a6 33. a4 $1 (33. Rg5 $6 {Ein grober Fehler ist der Turmentausch!}
Rxg5 34. Bxg5+ Ke6 $11 {Es entsteht eine Stellung, wo die schwarzen Bauern
zusammen mit dem Läufer und dem König eine Festung bilden.}) 33... Rg4 34. Be3
Rg3 35. c4 $1 {Weiß spielt sehr stark. Man muss keine Angst vor dem
Bauerntausch haben. Ganz im Gegenteil, Weiß muss dem Schwarzspieler eine
Schwäche kreieren, die er angreifen kann. Damit wird die schwarze
Verteidigungszone ausgedehnt.} Kd7 (35... bxa4 36. bxa4 $16 {Nach wenigen
Zügen befreit sich Weiß aus der Fesselung und greift den Bauern a6 an.}) 36.
Ke2 bxa4 {Erzwungen - es gibt keine Alternative.} (36... Rg2+ 37. Kf3 Rb2 (
37... Rg6 38. axb5 axb5 39. cxb5 cxb5 40. Rxb5 $18) 38. Rh7 $18) 37. bxa4 {
Nun ist die Schwäche im schwarzen Lager bestimmt - der Bauer a6.} Bc3 38. Rh7+
Ke6 (38... Rg7 39. Rh3 $16 {demnächst folgt Kf3 usw.} (39. Rxg7+ Bxg7 {das
Endspiel sieht immer noch remislich aus.})) 39. Rc7 $6 {Ungenauigkeit! Schwarz
bekommt Chancen.} (39. Bf4 $1 {würde zum entscheidenden Vorteil führen.} Rg2+
40. Kf3 Ra2 41. Rh6+ Ke7 (41... Kd7 42. Rd6+ $18) 42. Rxc6 Rxa4 43. c5 $18)
39... Ke5 (39... Kd6 $4 40. Bf4+ Be5 41. Bxg3 $18) 40. Rxc6 Bd4 (40... Kxe4 $1
{Ich sehe nicht, wie Weiß diese Stellung gewinnen kann.} 41. Re6+ (41. Bf2 Rg2
42. Re6+ (42. Rxa6 Bd4 43. Re6+ Kf4 44. Kd3 Bxf2 $11) 42... Be5 43. Kf1 Kf3 44.
Rxe5 Rxf2+ 45. Ke1 Rc2 $11) 41... Be5 42. Bb6 Kf5 43. Re7 (43. Rxe5+ Kxe5 44.
Bc7+ Kd4 45. Bxg3 Kxc4 46. a5 Kb5 47. Bc7 Kc6 $11) 43... Ra3 44. a5 Ra2+ 45.
Kd3 Ra3+ $11) 41. Bd2 (41. Bxd4+ Kxd4 42. Rxa6 Kxe4 $11 {Auf dem Brett ist
eine theoretische Remisstellung.}) 41... Ra3 42. Bc1 Ra1 $1 (42... Rxa4 $2 43.
Kf3 $1 Ba1 44. Bf4+ Kd4 45. Be3+ Ke5 46. Bc5 $18) 43. Kd2 a5 44. Rh6 Rb1 $2 (
44... Kxe4 $1 {Wieder brachte das Nehmen auf e4 ein Remis.} 45. Rh4+ Ke5 46.
Kd3 (46. Rxd4 Kxd4 47. Bb2+ Kxc4 48. Bxa1 Kb4 $11) 46... Rxc1 47. Rh5+ Kd6 48.
Kxd4 Rd1+ 49. Kc3 Kc6 $11 {Die Stellung mit den a- und c-Bauern ist
bekannterweise Remis.}) 45. Rh4 Bf2 46. Rg4 Kd4 47. Kc2 Rb7 48. e5+ Kxe5 49.
Bb2+ $2 {Wieder ein Fehlgriff, 49.Bd2 bot gute Gewinnchancen.} (49. Bd2 $1 Bd4
(49... Ra7 50. Rg5+ Ke4 51. Bxa5 $18) (49... Bb6 50. Rg5+ Kd6 51. Rg6+ Kd7 52.
Kd3 $16 {/+-}) 50. Bxa5 Rb2+ 51. Kc1 $18 {Es droht Rxd4 und Bc7+.}) 49... Kf5
50. Rg8 Bc5 51. Rd8 Bb4 {Diese Stellung ist schon kaum zu gewinnen.} 52. Rd5+
Ke6 53. Bc3 Bxc3 54. Kxc3 Rb1 55. Kd4 Ra1 56. Rxa5 Kd6 57. Ra6+ Kc7 58. Kc5 Kb7
$11 {Auf dem Brett ist eine theoretische Remisstellung, die in vielen
Endspielbüchern analysiert wird. Doch in der Praxis ist es manchmal sehr
schwer, die genauen Züge zu machen, um sich zu halten. Vor allem im Zeitnot
sind die praktischen Gewinnchancen sehr groß.} 59. Rb6+ Kc7 60. Rb4 Rh1 61. Kb5
Rh5+ 62. c5 Rh1 63. a5 Kb7 64. a6+ Ka7 65. Rd4 Rb1+ 66. Kc6 Rh1 67. Rd8 Rh5 $2
(67... Rh2 $11) 68. Kb5 Rh7 69. Rd5 Rh1 70. Rd7+ Kb8 71. c6 Rb1+ 72. Kc5 Rc1+
73. Kb6 Rb1+ 74. Kc5 Rc1+ 75. Kd6 Rd1+ 76. Ke7 Rc1 77. Rd8+ Ka7 78. Kd7 Rd1+
79. Kc8 1-0

[Event "Elista FIDE GP"]
[Site "Elista"]
[Date "2008.12.22"]
[Round "8"]
[White "Grischuk, Alexander"]
[Black "Wang, Yue"]
[Result "1-0"]
[WhiteElo "2719"]
[BlackElo "2736"]
[Annotator "Postny,E"]
[PlyCount "73"]
[EventDate "2008.12.14"]
[EventType "tourn"]
[EventRounds "13"]
[EventCountry "RUS"]
[EventCategory "19"]
[SourceTitle "CBM 128"]
[Source "ChessBase"]
[SourceDate "2009.01.28"]
[SourceVersion "1"]
[SourceVersionDate "2009.01.28"]
[SourceQuality "1"]

1. d4 d5 2. c4 c6 3. Nf3 Nf6 4. Nc3 dxc4 5. a4 Bf5 6. Ne5 Nbd7 7. Nxc4 Nb6 8.
Ne5 a5 9. e3 g6 {Wang Yue goes for a fianchetto.} (9... e6 {is a more common
way of development.}) 10. Bd3 Be6 $5 {I find this move a bit strange, Black
voluntarily loses a tempo. However, I guess the decision wasn't made over the
board. Basically, the exchange of pieces favours the side with less space,
Black in this case.} (10... Bxd3 11. Nxd3 Bg7 12. O-O O-O 13. Qe2 Nfd5 14. Rd1
Nb4 15. b3 N6d5 16. Bb2 Nxd3 17. Qxd3 Nxc3 18. Bxc3 Qd5 $11 {1/2-1/2 Adianto,U
(2589)-Bu Xiangzhi (2671)/Doha 2006/CBM 115 ext (47)}) 11. Be2 $146 {Grischuk
is ready to make another move with the same bishop in order to free the
d3-square for his knight.} (11. Nf3 Bg7 12. h3 Nfd5 13. O-O O-O 14. e4 Nb4 15.
Be2 Qd7 16. Bf4 Rad8 17. Qc1 Bc4 18. Bh6 Bxe2 19. Nxe2 Nc8 20. Ng3 Bxh6 21.
Qxh6 f6 22. Rad1 $14 {1-0 Mchedlishvili,M (2615)-Shaw,J (2469)/Dresden GER
2008/The Week in Chess 733 (51)}) 11... Bg7 12. e4 (12. O-O Nfd7 13. Nd3 {
would have been more in harmony with White's previous move.}) 12... Nfd7 13.
Nf3 Bg4 {It's clear that the light-squared bishop is obstructing Black's play,
so Wang Yue finally decides to get rid of it and to build his play on the dark
squares.} 14. O-O O-O 15. h3 Bxf3 16. Bxf3 e5 17. d5 Re8 18. g3 Qe7 $6 {
Starting from this point the Chinese grandmaster goes astray.} (18... cxd5 19.
Nxd5 Nc5 {was playable for Black.}) (18... Bf8 $1 {[%cal Gf8c5] This was
pointed out by Grischuk in the press conference after the game, and this
manoeuvre could really solve Black's problems. For instance:} 19. dxc6 bxc6 20.
Qe2 Bc5 21. Rd1 Bd4 22. Be3 Bxe3 23. Qxe3 Qe7 $11) 19. b3 Rad8 $6 {Another
mediocre waiting move. It was better to release the tension in the centre as
soon as possible.} (19... cxd5 20. Nxd5 Nxd5 21. Qxd5 Nc5 22. Ba3 b6 {and
Black should equalise soon.}) 20. Be3 cxd5 21. Nxd5 Nxd5 22. Qxd5 b6 23. Qb5 $1
Bf8 $2 ({Black could still keep a defendable position by} 23... Rb8 $1 24. Rac1
(24. Rfd1 Nc5 25. Rd5 Ne6 $14 {[%cal Ge6d4]}) 24... Nc5 25. Rfd1 Qe6 26. Rc3 (
26. b4 $6 axb4 27. a5 Bf8 $13) 26... Bf8 (26... Qxh3 $6 27. Rd6 $16 {[%csl Ra5,
Rb6]})) 24. Rad1 {Now Black is not able to establish his knight on the
c5-outpost.} Qb4 25. Be2 Nc5 26. Qxb4 axb4 27. Bc4 Kg7 (27... Nxe4 28. Bxb6 {
[%csl Ga4] is lost for Black. The a-pawn will decide.}) 28. Kg2 f6 29. Bd5 {
At some point the a4-a5 push will ruin Black's position. White is nearly
winning.} Rb8 $6 (29... Rc8 30. Rc1 f5 {was a better practical chance.}) 30.
Rc1 $18 {[%csl Rc5][%cal Ga4a5]} Na6 (30... Rec8 31. Rc4 f5 32. exf5 gxf5 33.
Rxb4 $18) 31. Rc6 Bc5 32. a5 $1 {Black is collapsing.} Bxe3 33. fxe3 Nc5 34.
axb6 Nd7 35. Rc7 Re7 36. Bc6 Rxb6 37. Rxd7 {[%mdl 32]} 1-0

[Event "Linares 26th"]
[Site "Linares"]
[Date "2009.02.19"]
[Round "1"]
[White "Dominguez Perez, Leinier"]
[Black "Grischuk, Alexander"]
[Result "1/2-1/2"]
[WhiteElo "2717"]
[BlackElo "2733"]
[Annotator "Postny,E"]
[PlyCount "59"]
[EventDate "2009.02.19"]
[EventType "tourn"]
[EventRounds "14"]
[EventCountry "ESP"]
[EventCategory "21"]
[SourceTitle "CBM 129"]
[Source "ChessBase"]
[SourceDate "2009.03.25"]
[SourceVersion "1"]
[SourceVersionDate "2009.03.25"]
[SourceQuality "1"]

1. e4 e6 2. d4 d5 3. Nc3 Bb4 4. e5 c5 5. a3 Bxc3+ 6. bxc3 Ne7 7. Qg4 cxd4 8.
Qxg7 Rg8 9. Qxh7 Qc7 10. Ne2 Nbc6 11. f4 Bd7 12. Qd3 dxc3 13. Rb1 d4 (13...
O-O-O {is a more common line, but Grischuk definitely studied the game
Dominguez-Stellwagen from the recent Wijk tournament where the Cuban
grandmaster got an advantage.}) 14. Rg1 {Both players had already played this
position last year in the World blitz championships.} (14. g3 O-O-O 15. Bg2 Na5
16. O-O Bc6 17. Bxc6 Naxc6 18. Qe4 Qa5 19. Rd1 Qc5 20. Rd3 Nd5 21. Kg2 Rge8 22.
Qf3 f6 23. exf6 Nxf6 $17 {1-0 Dominguez Perez,L (2719)-Grischuk,A (2719)/
Almaty 2008/EXT 2009 (53)}) ({Capturing the pawn is too risky for White:} 14.
Nxd4 $6 Nxd4 15. Qxd4 Nf5 16. Qf2 Bc6 17. Rg1 O-O-O {White's king is in real
danger in the center.} 18. Qxa7 Nd4 19. Kf2 f6 20. Be3 fxe5 21. Bc4 Qh7 $40 {
0-1 Nijboer,F (2606)-Stellwagen,D (2600)/Hilversum 2007/CBM 119 (36)}) 14...
O-O-O 15. g4 Nd5 (15... Be8 16. Rg3 f6 17. exf6 Nd5 18. Qc4 $6 (18. Nxd4 $1
Nxf6 19. Nb5 $1 Rxd3 20. Nxc7 Rxg3 21. Nxe8 Nxe8 22. hxg3 Rxg4 23. Kf2 $16 {
Berg,E}) 18... e5 $13 {1-0 Svidler,P (2732)-Berg,E (2593)/Heraklio 2007/CBM
121 (41)}) 16. Nxd4 {Now, after Black has closed the d-file, it's time to
capture this pawn.} Nxd4 17. Qxd4 {[%csl Ra7]} Kb8 {Frankly speaking, White
should be better. However, it is difficult to prove in practice as White's
king is uncastled and might be in danger.} 18. Rg3 $6 {This move is quite
standard in such positions, but in this particular case not the best one.
White should develop his bishops and roll his kingside pawn majority forward
as soon as possible.} (18. Be3 Qa5 (18... b6 19. h4 Bc6 20. h5 Qe7 21. g5 Qxa3
22. Bd3 $16) 19. h4 Qxa3 20. Kf2 Bc6 21. Bd3 $16) 18... Bc6 19. Qc5 (19. Qc4 {
This is the suggestion of "Rybka".} f6 20. exf6 Nxf6 21. h3 (21. g5 Ne4 22. Bg2
Rd2 $1 23. Bxe4 (23. Rg4 Rxg2 $1 24. Rxg2 Nd6 25. Qe2 Bxg2 26. Qxg2 Qc5 $44)
23... Qxf4 24. Qd4 $3 Rf8 $1 25. Rxc3 $1 Bxe4 26. Rd3 $1 Qxh2 27. Bxd2 Qh1+ 28.
Ke2 Qh5+ {with perpetual check. This computer variation is another proof for
how weak the human players are, compared to engines.}) 21... e5 22. Bg2 Rd1+ $1
{Nice blow wins the queen.} 23. Kxd1 Bf3+ 24. Rxf3 Qxc4 {[%tqu "En","Please
enter a move for White.","","","b1b7","Counterstrike!",5]} 25. Rxb7+ $1 {
Counterstrike!} Kc8 26. Rb4 Qc5 {This position is still very difficult to
estimate.}) 19... f6 $1 {Opening as many lines as possible against the white
monarch.} 20. exf6 (20. Be3 fxe5 $1 {Black should not be afraid of one check!}
(20... Nxe3 $2 21. Qxe3 Rd2 22. exf6 Rxh2 23. g5 {should be won for White.})
21. Qxa7+ Kc8 22. fxe5 Rh8 $44) 20... Nxf6 {[%cal Gf6e4] Threatening a direct
fork on e4 which reveals the drawback of 18.Rg3. Another threat is Rd8-d1+!}
21. Qe5 {The best decision, at least from a practical point of view. After the
exchange of queens the white king is out of danger. For this purpose he has to
give back his extra pawn.} Nxg4 22. Qxc7+ Kxc7 {The resulting position is
about equal, but Dominguez is the one who has to be on his guard here.} 23. f5
{Opening the diagonal for the bishop.} (23. Rxc3 $6 Nxh2 $15 {[%cal Gh2f3]})
23... exf5 24. Bf4+ Kc8 25. Rxc3 Nf6 (25... Rge8+ 26. Be2 Re4 27. Rb4 $1 $11)
26. Rc4 Nd5 27. Rd1 Nxf4 28. Rxd8+ Kxd8 29. Rxf4 Be4 30. Bd3 {After the
exchange of bishops the rook endgame is completely drawish.} 1/2-1/2

[Event "Linares 26th"]
[Site "Linares"]
[Date "2009.02.20"]
[Round "2"]
[White "Grischuk, Alexander"]
[Black "Wang, Yue"]
[Result "1-0"]
[WhiteElo "2733"]
[BlackElo "2739"]
[Annotator "Rogozenco,D"]
[PlyCount "113"]
[EventDate "2009.02.19"]
[EventType "tourn"]
[EventRounds "14"]
[EventCountry "ESP"]
[EventCategory "21"]
[SourceTitle "CBM 129"]
[Source "ChessBase"]
[SourceDate "2009.03.25"]
[SourceVersion "1"]
[SourceVersionDate "2009.03.25"]
[SourceQuality "1"]

1. d4 d5 2. c4 c6 3. Nf3 Nf6 4. Nc3 dxc4 5. a4 Bf5 6. Ne5 Nbd7 7. Nxc4 Nb6 8.
Ne5 a5 9. e3 g6 10. Bd3 Be6 (10... Bxd3 $142 $14 {/=}) 11. O-O $146 ({Two
months previously to the present game same opponents played} 11. Be2 Bg7 12. e4
Nfd7 13. Nf3 Bg4 14. O-O O-O 15. h3 Bxf3 16. Bxf3 $14 {1-0 Grischuk,A (2719)
-Wang Yue (2736)/Elista 2008 (37). Now Grischuk changes the plan, preferring
to advance the f-pawn.}) 11... Bg7 (11... Nfd7 12. Nf3 (12. f4 Nxe5 13. fxe5
$14 {/~~}) 12... Bg7 13. h3 (13. Qe2 Bg4) 13... O-O 14. Qe2 $14 {[%cal Gf3g5]})
12. f4 $1 $14 Nfd7 (12... O-O 13. f5 gxf5 14. Bxf5 $36) 13. Nf3 {For the
moment keeping more pieces on the board favours White, who has a space
advantage.} c5 $5 {A very concrete approach. After quiet continuations Black
is too passive.} (13... h6 $2 14. e4 $16) (13... O-O $6 14. e4 (14. Ng5 Bc4 $14
) 14... f5 15. e5 $14 {/+/-}) (13... Bc4 14. Bxc4 Nxc4 15. e4 $14) 14. Ng5 {
Grischuk accepts the challenge and sacrifices a pawn.} (14. dxc5 Nxc5 15. Bb5+
Bd7 {is by no means a problem for Black.}) 14... cxd4 (14... Bc4 15. Bxc4 Nxc4
16. Qb3 Nd6 17. Nce4 $16 {[%csl Rc5,Rd6,Rf7]}) 15. Nxe6 fxe6 16. Ne4 O-O {
This move allows White to create convenient pressure on e6.} (16... Nd5 $142 {
[%cal Gd8b6]} 17. Ng5 (17. Qg4 Qb6 $132) 17... Qb6 $13) 17. Qg4 $1 Rf5 18. Qh3
(18. Ng5 $2 Nc5 $1 19. Bxf5 exf5 20. Qh4 h6 21. Nf3 d3 $17) 18... Nc5 (18...
Nd5 19. g4 Rf8 20. Ng5 $16) 19. Nxc5 Rxc5 20. Qxe6+ Kh8 21. e4 $14 {/+/- The
complications are over and White's bishop pair and better pawn structure
secure him an advantage.} Rac8 22. e5 R8c6 23. Qf7 Nd5 24. Bd2 Qf8 25. Qxf8+
Bxf8 26. Rac1 $16 {The endgame is difficult for Black. Additionally to already
mentioned drawbacks in Black's position now the pawn d4 became even more
vulnerable.} e6 27. Kf2 b6 28. Kf3 Kg7 29. g3 Rxc1 30. Rxc1 Rxc1 31. Bxc1 Kf7
32. Bc4 Ne3 33. b3 Bc5 34. Ke2 h5 35. Bb2 g5 ({A waiting strategy will hardly
help to escape. Here is a possible variation:} 35... Ke7 36. Bd3 Kf7 37. Be4
Kg7 38. h3 Kf7 39. Bf3 Ke7 40. Kd3 Nf5 41. g4 Nh4 42. Be4 $18) 36. fxg5 Ng4 37.
Bd3 Nxe5 (37... Nxh2 $16) 38. Be4 Ng4 $2 (38... Kg7 $142) 39. h3 Ne3 40. Bc1 e5
41. Bxe3 $1 dxe3 42. h4 $18 Kg7 43. Kf3 Kf7 44. Bd3 Bd4 45. Be2 Kg7 46. Ke4 Kg6
47. Bd1 Bc3 48. Kxe3 Kf5 49. Bxh5 Be1 50. Kf3 e4+ 51. Kg2 Bc3 52. Be2 Be1 53.
Kh3 Bf2 54. Bb5 Be1 55. Bd7+ Ke5 56. Kg4 e3 57. Bb5 1-0